Central Library OPAC University of Rajshahi

Finance of international trade / (Record no. 3981)

MARC details
000 -LEADER
fixed length control field 00697nam a2200253 a 4500
001 - CONTROL NUMBER
control field 3981
003 - CONTROL NUMBER IDENTIFIER
rucl marc code BD-RjUL
005 - DATE AND TIME OF LATEST TRANSACTION
control field 20211208233820.0
008 - FIXED-LENGTH DATA ELEMENTS--GENERAL INFORMATION
fixed length control field 160725s1981 enkk 001 0 eng
020 ## - INTERNATIONAL STANDARD BOOK NUMBER
International Standard Book Number 0712106375
035 ## - SYSTEM CONTROL NUMBER
System control number (BD-RjUL)4015
040 ## - CATALOGING SOURCE
Original cataloging agency DLC
Transcribing agency DLC
Modifying agency DLC
-- BD-RjUL
Language of cataloging eng
041 ## - LANGUAGE CODE
Language code of text/sound track or separate title eng
082 00 - DEWEY DECIMAL CLASSIFICATION NUMBER
Classification number 332.45
Edition number 23
Author mark and year WHF 1981
100 1# - MAIN ENTRY--PERSONAL NAME
Personal name Whiting, D. P.
9 (RLIN) 12676
245 10 - TITLE STATEMENT
Title Finance of international trade /
Statement of responsibility, etc. D.P. Whiting.
250 ## - EDITION STATEMENT
Edition statement 4th ed.
260 ## - PUBLICATION, DISTRIBUTION, ETC. (IMPRINT)
Place of publication, distribution, etc. Plymouth :
Name of publisher, distributor, etc. Macdonald and Evans,
Date of publication, distribution, etc. c1981.
300 ## - PHYSICAL DESCRIPTION
Pagination ix, 278 p. :
Illustrations ill. ;
Size 22 cm.
500 ## - GENERAL NOTE
General note Includes index.
650 #0 - SUBJECT ADDED ENTRY--TOPICAL TERM
Topical term or geographic name as entry element Foreign exchange.
9 (RLIN) 12677
Topical term or geographic name as entry element International finance.
9 (RLIN) 461
942 ## - ADDED ENTRY ELEMENTS (KOHA)
Source of classification or shelving scheme Dewey Decimal Classification
Koha item type Books
Holdings
Lost status Source of classification or shelving scheme Damaged status Not for loan Collection code Permanent Location Current Location Shelving location Date acquired Source of acquisition Cost, normal purchase price Total Checkouts Full call number Date last seen Copy number Koha item type
  Dewey Decimal Classification     Non-fiction Central Library, University of Rajshahi Central Library, University of Rajshahi   11/09/1983 Tulip 85.57   332.45 WHF 1981 21/12/2013 C-3 Books
  Dewey Decimal Classification     Non-fiction Central Library, University of Rajshahi Central Library, University of Rajshahi   11/09/1983 Tulip Enterprise, Dhaka. 85.57   332.45 WHF 1981 25/07/2016 C-2 Books
  Dewey Decimal Classification   Not For Loan Non-fiction Central Library, University of Rajshahi Central Library, University of Rajshahi Reading Room 11/09/1983 Tulip Enterprise, Dhaka 85.57   332.45 WHF 1981 20/12/2016 C-1 Books